Detalles constructivos de la arquitectura doméstica contemporánea
Guardat en:
| Autor principal: | |
|---|---|
| Format: | Llibre |
| Idioma: | espanyol |
| Publicat: |
Barcelona
Gustavo Gili
2007
|
| Matèries: | |
| Etiquetes: |
Afegir etiqueta
Sense etiquetes, Sigues el primer a etiquetar aquest registre!
|
MARC
| LEADER | 00000nam a2200000 a 4500 | ||
|---|---|---|---|
| 001 | UCI3463 | ||
| 003 | CL-VaPUC | ||
| 008 | 071102e20070000SP |||||||||||||||||spa|d | ||
| 020 | |a 9788425221248 | ||
| 082 | 0 | 4 | |a 721.4 |b MAC |2 21 |
| 100 | |a McLeod, Virginia |e autora |9 547932 | ||
| 245 | 1 | 0 | |a Detalles constructivos de la arquitectura doméstica contemporánea |
| 300 | |a 239 p | ||
| 942 | |c BK | ||
| 945 | |d 20071102 00:00:00 |a rbrito | ||
| 260 | |a Barcelona |b Gustavo Gili |c 2007 | ||
| 650 | 0 | |a Arquitectura |9 804558 | |
| 650 | 7 | |a HORMIGON ARMADO |2 CL-VaPUC |9 524795 | |
| 650 | 0 | |a Vidrio |9 262883 | |
| 650 | 0 | |a Aceros |9 260685 | |
| 650 | 0 | |a Madera |9 262357 | |
| 650 | 0 | |a Aluminio |9 359516 | |
| 650 | 7 | |a PLASTICO |2 CL-VaPUC |9 524796 | |
| 650 | 7 | |a TECNOLOGIA DE LA CONSTRUCCION |2 CL-VaPUC |9 260196 | |
| 650 | 0 | |a decoración de interiores |9 263422 | |
| 650 | 0 | |a Diseño arquitectónico |9 265271 | |
| 650 | 0 | |a Elementos estructurales |9 350100 | |
| 650 | 0 | |a Formas estructurales |9 363772 | |
| 583 | |a last modification |c 20160105 12:47:25 |k Rodrigo Vera | ||
| 999 | |c 327646 |d 327644 | ||
| 952 | |0 0 |1 0 |4 0 |6 721_400000000000000_MAC_2007 |7 0 |8 A |9 410746 |a BIBARQ |b BIBARQ |d 2019-11-22 |i 4385187 |l 4 |o 721.4 MAC 2007 |p 4385187 |r 2025-01-20 |s 2024-11-25 |w 2019-11-22 |y BK |k ARQ | ||